000 00814nam a22002417a 4500
001 BR6007785
003 BR-BrBNA
005 20230928083306.0
007 ta
008 230509b bl.||||| |||| 00| 0 por d
040 _aBR-BrBNA
_bpor
_cBiblioteca Nacional de Agricultura
041 _a(Por)
072 _aF22; F20
_b/G514
090 _ F22 BR6007785
110 1 _aAssociacao de Credito e Assistencia Rural do Estado de Santa Catarina, Florianopolis (Brasil);
_9468
110 1 _aEmpresa de Assistencia Tecnica e Extensao Rural de Santa Catarina, Florianopolis (Brasil)
_93993
245 1 _aConheca melhor suas terras, faca analise do solo [Brasil]
260 3 _aFlorianopolis, SC (Brasil):
_c1980.
300 _a12 p.
650 _aANALISE DO SOLO
909 _a202309
_bLucia
_c55
_dLucia Elande
942 _cBK
999 _c12623
_d12623